[Event "HUN-chT2 Toth 1819"]
[Site "Hungary"]
[Date "2019.01.27"]
[Round "6.3"]
[White "Czegledi, Laszlo"]
[Black "Puha, Peter"]
[Result "1/2-1/2"]
[WhiteElo "2111"]
[BlackElo "1953"]
[PlyCount "94"]
[EventDate "2018.09.23"]
[EventType "team-tourn"]
[EventRounds "11"]
[EventCountry "HUN"]
[SourceTitle "EXT 2021"]
[Source "ChessBase"]
[SourceDate "2020.10.23"]
[SourceVersion "1"]
[SourceVersionDate "2020.10.23"]
[SourceQuality "1"]
[WhiteTeam "Ujszasz"]
[BlackTeam "Karcag"]
[WhiteTeamCountry "HUN"]
[BlackTeamCountry "HUN"]

1. e4 e5 2. Nf3 Nc6 3. Bc4 Nf6 4. d3 Be7 5. Bb3 0-0 6. c3 d6 7. Nbd2 Na5 8. Bc2 c5 9. h3 Nc6 10. Nf1 b5 11. g4 d5 12. Qe2 dxe4 13. dxe4 b4 14. Ng3 bxc3 15. bxc3 Qa5 16. Bd2 g6 17. Bd3 Rd8 18. Bc4 Qc7 19. 0-0 Na5 20. Bd3 c4 21. Bc2 Nd7 22. Rfd1 Nc5 23. Bh6 Bb7 24. Nf1 Bf6 25. Bg5 Bxg5 26. Nxg5 f6 27. Nf3 Ne6 28. Qe3 Nf4 29. Kh2 Ba6 30. Ne1 Rab8 31. Rxd8+ Rxd8 32. Rd1 Rxd1 33. Bxd1 Qb6 34. Qd2 Nd3 35. Kg2 Qd6 36. Kg3 Nb7 37. Nxd3 cxd3 38. Bb3+ Kg7 39. Ne3 Nc5 40. f3 Nxb3 41. axb3 Qa3 42. g5 fxg5 43. Ng4 Qf8 44. c4 Qf4+ 45. Qxf4 gxf4+ 46. Kf2 Bc8 47. Nxe5 d2 1/2-1/2

[Event "HUN-chT2 Toth 1718"]
[Site "Hungary"]
[Date "2018.01.28"]
[Round "7.3"]
[White "Czegledi, Laszlo"]
[Black "Egyed, Gabor"]
[Result "0-1"]
[WhiteElo "2156"]
[BlackElo "2160"]
[PlyCount "88"]
[EventDate "2017.09.24"]
[EventType "team-tourn"]
[EventRounds "11"]
[EventCountry "HUN"]
[SourceTitle "EXT 2021"]
[Source "ChessBase"]
[SourceDate "2020.10.23"]
[SourceVersion "1"]
[SourceVersionDate "2020.10.23"]
[SourceQuality "1"]
[WhiteTeam "Ujszasz"]
[BlackTeam "Karcag"]
[WhiteTeamCountry "HUN"]
[BlackTeamCountry "HUN"]

1. e4 c5 2. Nf3 Nc6 3. d4 cxd4 4. Nxd4 g6 5. c4 Bg7 6. Be3 d6 7. Nc3 Nf6 8. Be2 0-0 9. 0-0 Nxd4 10. Bxd4 Be6 11. f3 Rc8 12. b3 Qa5 13. Rb1 a6 14. f4 Ne8 15. f5 Bd7 16. Nd5 Bxd4+ 17. Qxd4 Qd8 18. Rbd1 Bc6 19. Nb6 Rb8 20. c5 Qc7 21. fxg6 hxg6 22. Bc4 dxc5 23. Qxc5 Rd8 24. e5 Rxd1 25. Rxd1 e6 26. a4 Kg7 27. a5 Rh8 28. Be2 Bd5 29. Qe3 Bc6 30. Qd4 Qe7 31. Nc4 Rh4 32. Qf2 Qg5 33. Rf1 Rf4 34. Qg3 Rxf1+ 35. Bxf1 Qxg3 36. hxg3 Kh6 37. Be2 Kg5 38. Bf3 Bd5 39. Nd6 Nxd6 40. exd6 Kf6 41. Kf2 Bxf3 42. Kxf3 e5 43. Ke4 Ke6 44. d7 f5+ 0-1

[Event "HUN-chT2 Toth 1718"]
[Site "Hungary"]
[Date "2017.11.26"]
[Round "4.3"]
[White "Czegledi, Laszlo"]
[Black "Salanki, Endre"]
[Result "1/2-1/2"]
[WhiteElo "2156"]
[BlackElo "2155"]
[PlyCount "22"]
[EventDate "2017.09.24"]
[EventType "team-tourn"]
[EventRounds "11"]
[EventCountry "HUN"]
[SourceTitle "EXT 2021"]
[Source "ChessBase"]
[SourceDate "2020.10.23"]
[SourceVersion "1"]
[SourceVersionDate "2020.10.23"]
[SourceQuality "1"]
[WhiteTeam "Ujszasz"]
[BlackTeam "Kecskemet Takisz"]
[WhiteTeamCountry "HUN"]
[BlackTeamCountry "HUN"]

1. e4 c5 2. Nf3 d6 3. d4 cxd4 4. Nxd4 Nf6 5. Nc3 a6 6. h3 e6 7. g4 d5 8. exd5 Nxd5 9. Nde2 Bb4 10. Bg2 0-0 11. Bd2 Nb6 1/2-1/2

[Event "HUN-chT2 Toth 1718"]
[Site "Hungary"]
[Date "2017.09.24"]
[Round "1.3"]
[White "Kiss, Balazs Janos"]
[Black "Czegledi, Laszlo"]
[Result "1-0"]
[WhiteElo "1945"]
[BlackElo "2156"]
[PlyCount "181"]
[EventDate "2017.09.24"]
[EventType "team-tourn"]
[EventRounds "11"]
[EventCountry "HUN"]
[SourceTitle "EXT 2021"]
[Source "ChessBase"]
[SourceDate "2020.10.23"]
[SourceVersion "1"]
[SourceVersionDate "2020.10.23"]
[SourceQuality "1"]
[WhiteTeam "Szeged Meritum"]
[BlackTeam "Ujszasz"]
[WhiteTeamCountry "HUN"]
[BlackTeamCountry "HUN"]

1. d4 d6 2. Nf3 Bg4 3. Bf4 Bxf3 4. gxf3 Nd7 5. e4 g6 6. c3 Bg7 7. Bc4 Ngf6 8. Qb3 0-0 9. Nd2 Rb8 10. Bg3 Nh5 11. f4 e6 12. Be2 Nhf6 13. e5 Ne8 14. 0-0-0 b5 15. h4 h5 16. Ne4 Qe7 17. Ng5 b4 18. c4 c5 19. Qe3 cxd4 20. Qxd4 Rb6 21. Ne4 f5 22. Nxd6 Nxd6 23. exd6 Qf7 24. Qd2 Rc8 25. f3 Rcc6 26. Qc2 Bf8 27. Bf2 Ra6 28. b3 Bxd6 29. Qd2 Nc5 30. Kb1 Qc7 31. Be3 Be7 32. Bd4 Bd6 33. Rhg1 Kf7 34. Bd3 Qa5 35. Qb2 Nd7 36. c5 Nxc5 37. Bxa6 Rxa6 38. Bxc5 Qxc5 39. Qd4 Qxd4 40. Rxd4 Be7 41. Rd7 Ke8 42. Rb7 e5 43. fxe5 Re6 44. f4 Bxh4 45. Rxb4 Bf2 46. Rg2 Bb6 47. Rc4 h4 48. Rh2 Bd8 49. Kc2 g5 50. fxg5 Bxg5 51. Re2 f4 52. Kd3 h3 53. Ke4 Rh6 54. Rh2 Rh4 55. Kf5 Bd8 56. Rxf4 Rh5+ 57. Ke4 Bc7 58. Rf5 Rh4+ 59. Kd5 Bb6 60. Ke6 Bc7 61. Rc2 Bd8 62. Rff2 Rh6+ 63. Kd5 Bh4 64. Rf3 Bg3 65. Rxg3 h2 66. Rxh2 Rxh2 67. a4 a5 68. Re3 Ke7 69. Kc5 Rh8 70. Kb6 Ra8 71. Kb7 Rd8 72. Rc3 Rd5 73. Kb6 Rxe5 74. Rc5 Re3 75. Rb5 Kd6 76. Kxa5 Kc6 77. b4 Re8 78. Rc5+ Kd6 79. Kb5 Rb8+ 80. Kc4 Ra8 81. a5 Rb8 82. a6 Ra8 83. b5 Ra7 84. Rc6+ Kd7 85. Kc5 Ra8 86. Kb6 Rb8+ 87. Ka5 Ra8 88. Rh6 Rg8 89. Rh7+ Kd6 90. a7 Rg1 91. Rh8 1-0

[Event "HUN-chT2 Toth 1617"]
[Site "Hungary"]
[Date "2017.01.29"]
[Round "7.3"]
[White "Czegledi, Laszlo"]
[Black "Kecskemeti, Arpad"]
[Result "0-1"]
[WhiteElo "2178"]
[BlackElo "2157"]
[PlyCount "120"]
[EventDate "2016.09.25"]
[EventType "team-tourn"]
[EventRounds "11"]
[EventCountry "HUN"]
[SourceTitle "EXT 2021"]
[Source "ChessBase"]
[SourceDate "2020.10.23"]
[SourceVersion "1"]
[SourceVersionDate "2020.10.23"]
[SourceQuality "1"]
[WhiteTeam "Ujszasz"]
[BlackTeam "Mako Duocor II"]
[WhiteTeamCountry "HUN"]
[BlackTeamCountry "HUN"]

1. e4 c5 2. Nf3 d6 3. g3 g6 4. Bg2 Bg7 5. 0-0 e5 6. c3 Ne7 7. d3 0-0 8. Be3 h6 9. Nfd2 Nbc6 10. a3 a5 11. a4 Be6 12. Na3 b6 13. Ndc4 d5 14. exd5 Bxd5 15. Bxd5 Nxd5 16. Qd2 Kh7 17. Rad1 Ra7 18. Nb5 Rd7 19. Rfe1 f5 20. f4 Nxe3 21. Qxe3 e4 22. Re2 Re8 23. Red2 exd3 24. Qf3 Re4 25. b3 g5 26. fxg5 Qxg5 27. Ncd6 Ne5 28. Qf1 Re3 29. Qxf5+ Qxf5 30. Nxf5 Re2 31. Kf1 Rf7 32. Nbd6 Rxd2 33. Rxd2 Rf6 34. g4 Nxg4 35. Rxd3 Nxh2+ 36. Kg2 Ng4 37. Rf3 Bf8 38. Rd3 Kg6 39. Kg3 Bxd6+ 40. Nxd6 Ne5 41. Rd5 Rf3+ 42. Kg2 Rd3 43. Rxe5 Rxd6 44. b4 Rd2+ 45. Kg1 Kf6 46. Rh5 axb4 47. cxb4 cxb4 48. Rxh6+ Ke5 49. Rxb6 Rb2 50. a5 Kd4 51. a6 Kc5 52. Rb8 Ra2 53. Rc8+ Kb5 54. Rb8+ Kc4 55. Rc8+ Kb3 56. Rc6 Kb2 57. Kf1 b3 58. Rb6 Kc2 59. Rc6+ Kb1 60. Ke1 b2 0-1

[Event "HUN-chT2 Toth 1617"]
[Site "Hungary"]
[Date "2016.12.11"]
[Round "6.3"]
[White "Kun, Imre"]
[Black "Czegledi, Laszlo"]
[Result "0-1"]
[WhiteElo "1942"]
[BlackElo "2178"]
[PlyCount "172"]
[EventDate "2016.09.25"]
[EventType "team-tourn"]
[EventRounds "11"]
[EventCountry "HUN"]
[SourceTitle "EXT 2021"]
[Source "ChessBase"]
[SourceDate "2020.10.23"]
[SourceVersion "1"]
[SourceVersionDate "2020.10.23"]
[SourceQuality "1"]
[WhiteTeam "Nadudvar"]
[BlackTeam "Ujszasz"]
[WhiteTeamCountry "HUN"]
[BlackTeamCountry "HUN"]

1. c4 e6 2. d4 d5 3. Nc3 c6 4. Nf3 dxc4 5. a4 Bb4 6. e4 b5 7. Be2 Nf6 8. Bg5 Qb6 9. Qc2 Nbd7 10. 0-0 h6 11. Bd2 Bxc3 12. bxc3 Rb8 13. Rab1 Qd8 14. Bf4 Rb7 15. d5 cxd5 16. exd5 Nxd5 17. Bd2 a6 18. axb5 axb5 19. Nd4 Qa5 20. Nxe6 fxe6 21. Qg6+ Kf8 22. Qxe6 N5f6 23. Bf4 Rb6 24. Bd6+ Rxd6 25. Qxd6+ Kf7 26. Qc6 Qa6 27. Qxb5 Qxb5 28. Rxb5 Ne4 29. Bxc4+ Kf6 30. Bd3 Ba6 31. Rd5 Bxd3 32. Rxd3 Ne5 33. Re3 Nc5 34. Rd1 Ra8 35. h3 Ra6 36. Rd5 Ned7 37. g4 Rc6 38. h4 g6 39. Kg2 Nb6 40. Rde5 Ne6 41. R3e4 Nd7 42. Rd5 Nb6 43. Rd3 g5 44. hxg5+ hxg5 45. Kg3 Nc4 46. Rd5 Nd6 47. Re3 Nf4 48. Rd4 Ne6 49. Rd5 Nc4 50. Red3 Ne5 51. Rd6 Rc4 52. Re3 Rxg4+ 53. Kh3 Rh4+ 54. Kg2 Kf5 55. Kg1 Nf4 56. Rd8 Ng4 57. Rf8+ Kg6 58. Rg8+ Kf6 59. Ree8 Ng6 60. c4 N4e5 61. c5 Rc4 62. Rc8 g4 63. Rgd8 Nf3+ 64. Kf1 Nf4 65. Rf8+ Ke5 66. Rce8+ Ne6 67. Rg8 Kf4 68. Ke2 Nfd4+ 69. Kd3 Rxc5 70. Rg6 Rd5 71. Kc4 Rc5+ 72. Kd3 Rh5 73. Rexe6 Nxe6 74. Rxe6 Kf3 75. Rf6+ Kg2 76. Ke3 Rh3+ 77. Ke2 Rf3 78. Rg6 Rxf2+ 79. Ke1 g3 80. Rg8 Rf4 81. Re8 Kg1 82. Re7 g2 83. Re8 Kh2 84. Rh8+ Kg1 85. Re8 Rg4 86. Re7 Kh2 0-1

[Event "HUN-chT2 Toth 1617"]
[Site "Hungary"]
[Date "2016.11.27"]
[Round "5.3"]
[White "Czegledi, Laszlo"]
[Black "Marta, Dominik"]
[Result "1-0"]
[WhiteElo "2178"]
[BlackElo "2018"]
[PlyCount "55"]
[EventDate "2016.09.25"]
[EventType "team-tourn"]
[EventRounds "11"]
[EventCountry "HUN"]
[SourceTitle "EXT 2021"]
[Source "ChessBase"]
[SourceDate "2020.10.23"]
[SourceVersion "1"]
[SourceVersionDate "2020.10.23"]
[SourceQuality "1"]
[WhiteTeam "Ujszasz"]
[BlackTeam "Kecskemet Toth Laszlo II"]
[WhiteTeamCountry "HUN"]
[BlackTeamCountry "HUN"]

1. e4 Nf6 2. e5 Nd5 3. d4 d6 4. Nf3 Bg4 5. Be2 e6 6. 0-0 Be7 7. c4 Nb6 8. exd6 cxd6 9. Nc3 0-0 10. Be3 Nc6 11. d5 exd5 12. cxd5 Bxf3 13. Bxf3 Ne5 14. Be2 Nec4 15. Bd4 Bf6 16. b3 Ne5 17. a4 Rc8 18. Rc1 Re8 19. Qd2 Ng6 20. Bg4 Rc7 21. a5 Nc8 22. Nb5 Rxc1 23. Rxc1 Bxd4 24. Rxc8 Qe7 25. Rxe8+ Qxe8 26. Nxd4 Qe4 27. Bf3 Qb1+ 28. Qd1 1-0

[Event "HUN-chT2 Toth 1617"]
[Site "Hungary"]
[Date "2016.11.13"]
[Round "4.3"]
[White "Balla, Tibor"]
[Black "Czegledi, Laszlo"]
[Result "1/2-1/2"]
[WhiteElo "2048"]
[BlackElo "2178"]
[PlyCount "74"]
[EventDate "2016.09.25"]
[EventType "team-tourn"]
[EventRounds "11"]
[EventCountry "HUN"]
[SourceTitle "EXT 2021"]
[Source "ChessBase"]
[SourceDate "2020.10.23"]
[SourceVersion "1"]
[SourceVersionDate "2020.10.23"]
[SourceQuality "1"]
[WhiteTeam "Szeged Meritum"]
[BlackTeam "Ujszasz"]
[WhiteTeamCountry "HUN"]
[BlackTeamCountry "HUN"]

1. d4 d5 2. Nf3 e6 3. e3 Nf6 4. c4 c6 5. Nc3 Nbd7 6. Qc2 Bd6 7. b3 b6 8. Bd3 Bb7 9. Bb2 0-0 10. e4 dxe4 11. Nxe4 Nxe4 12. Bxe4 Nf6 13. Bd3 h6 14. 0-0 Qc7 15. h3 Rfe8 16. c5 Bf8 17. Rfe1 Rad8 18. a3 a5 19. Rad1 Nd5 20. g3 Bc8 21. Ne5 b5 22. Be4 f6 23. Bh7+ Kh8 24. Nf3 Re7 25. Nh4 f5 26. Bg6 Bd7 27. Qe2 Be8 28. Qf3 Kg8 29. Bc1 Bxg6 30. Nxg6 Ree8 31. Re2 Nf6 32. Bf4 Qb7 33. Nxf8 Kxf8 34. Be5 Nd5 35. Rde1 Qf7 36. Kh2 Kg8 37. Bd6 Rc8 1/2-1/2

[Event "HUN-chT2 Toth 1617"]
[Site "Hungary"]
[Date "2016.09.25"]
[Round "1.3"]
[White "Czegledi, Laszlo"]
[Black "Egyed, Judit"]
[Result "1-0"]
[WhiteElo "2178"]
[BlackElo "2039"]
[PlyCount "51"]
[EventDate "2016.09.25"]
[EventType "team-tourn"]
[EventRounds "11"]
[EventCountry "HUN"]
[SourceTitle "EXT 2021"]
[Source "ChessBase"]
[SourceDate "2020.10.23"]
[SourceVersion "1"]
[SourceVersionDate "2020.10.23"]
[SourceQuality "1"]
[WhiteTeam "Ujszasz"]
[BlackTeam "Karcag"]
[WhiteTeamCountry "HUN"]
[BlackTeamCountry "HUN"]

1. e4 d6 2. d4 Nf6 3. Nc3 g6 4. f4 Bg7 5. Nf3 c5 6. dxc5 Qa5 7. Qd4 0-0 8. Bd2 Nc6 9. Qc4 Be6 10. Nd5 Qd8 11. Ng5 Bxd5 12. exd5 Nb8 13. Bc3 dxc5 14. 0-0-0 Nbd7 15. g3 a6 16. Ne6 fxe6 17. dxe6 b5 18. Qe2 Ra7 19. Bh3 b4 20. Be5 Qa5 21. exd7 Kh8 22. Qc4 Rb7 23. Qe6 b3 24. cxb3 Rd8 25. Qxe7 Rf8 26. Bxf6 1-0

[Event "HUN-chT2 Toth 1516"]
[Site "Hungary"]
[Date "2016.03.20"]
[Round "9.3"]
[White "Czegledi, Laszlo"]
[Black "Olah, Gabor Mihaly"]
[Result "1-0"]
[WhiteElo "2175"]
[BlackElo "2053"]
[PlyCount "56"]
[EventDate "2015.09.13"]
[EventType "team-tourn"]
[EventRounds "11"]
[EventCountry "HUN"]
[SourceTitle "EXT 2017"]
[Source "ChessBase"]
[SourceDate "2016.10.25"]
[SourceVersion "1"]
[SourceVersionDate "2016.10.25"]
[SourceQuality "1"]
[WhiteTeam "Ujszasz"]
[BlackTeam "Bekes"]
[WhiteTeamCountry "HUN"]
[BlackTeamCountry "HUN"]

1. e4 c5 2. Nf3 d6 3. d4 cxd4 4. Nxd4 Nf6 5. Nc3 a6 6. h3 e5 7. Nde2 Be6 8. g4 Be7 9. Bg2 Nc6 10. a4 h6 11. Be3 Qa5 12. 0-0 Rd8 13. Nd5 Bxd5 14. exd5 Nb4 15. c4 Nd7 16. Qd2 Nc5 17. Ra3 Rc8 18. Nc1 Bd8 19. f4 e4 20. Bd4 0-0 21. Bc3 e3 22. Qxe3 Bb6 23. Kh2 Nd7 24. Qd2 Bc5 25. Rb3 Qb6 26. Bxb4 Bxb4 27. Qxb4 Qxb4 28. Rxb4 Nc5 1-0

[Event "HUN-chT2 Toth 1516"]
[Site "Hungary"]
[Date "2016.02.28"]
[Round "8.3"]
[White "Salanki, Endre"]
[Black "Czegledi, Laszlo"]
[Result "0-1"]
[WhiteElo "2184"]
[BlackElo "2175"]
[PlyCount "88"]
[EventDate "2015.09.13"]
[EventType "team-tourn"]
[EventRounds "11"]
[EventCountry "HUN"]
[SourceTitle "EXT 2017"]
[Source "ChessBase"]
[SourceDate "2016.10.25"]
[SourceVersion "1"]
[SourceVersionDate "2016.10.25"]
[SourceQuality "1"]
[WhiteTeam "Takisz"]
[BlackTeam "Ujszasz"]
[WhiteTeamCountry "HUN"]
[BlackTeamCountry "HUN"]

1. c4 e6 2. g3 d5 3. Bg2 Nf6 4. Nf3 dxc4 5. Qa4+ Nbd7 6. Qxc4 a6 7. Qc2 c5 8. 0-0 Be7 9. d3 0-0 10. Bf4 Nd5 11. Nc3 Nxf4 12. gxf4 Qc7 13. e3 b5 14. a4 b4 15. Ne2 Bb7 16. Rac1 Rac8 17. b3 Bd6 18. Rfd1 Qb8 19. Qb2 Qa8 20. e4 f6 21. Qd2 Rcd8 22. Qe3 Qb8 23. d4 Rfe8 24. e5 cxd4 25. Qxd4 Bc5 26. Qb2 Qa8 27. Ne1 Qa7 28. Bxb7 Bxf2+ 29. Kf1 Bxe1 30. Rxe1 Qxb7 31. exf6 Nxf6 32. Ng1 Nd5 33. Rc4 Rf8 34. Qg2 Qb6 35. Qg3 Nxf4 36. Nf3 Nh5 37. Qf2 Rxf3 38. Qxf3 Rf8 39. Qxf8+ Kxf8 40. Re5 Qd6 41. Re2 Nf4 42. Ree4 e5 43. Rxb4 Qd1+ 44. Kf2 Nd3+ 0-1

[Event "HUN-chT2 Toth 1516"]
[Site "Hungary"]
[Date "2015.12.06"]
[Round "6.2"]
[White "Czegledi, Laszlo"]
[Black "Czegledi, Zsolt"]
[Result "1-0"]
[WhiteElo "2175"]
[BlackElo "2127"]
[PlyCount "161"]
[EventDate "2015.09.13"]
[EventType "team-tourn"]
[EventRounds "11"]
[EventCountry "HUN"]
[SourceTitle "CBM 170 Extra"]
[Source "ChessBase"]
[SourceDate "2016.02.25"]
[SourceVersion "1"]
[SourceVersionDate "2016.02.25"]
[SourceQuality "1"]
[WhiteTeam "Ujszasz"]
[BlackTeam "Toth Laszlo II"]
[WhiteTeamCountry "HUN"]
[BlackTeamCountry "HUN"]

1. e4 e5 2. Nf3 Nc6 3. Bc4 Nf6 4. d3 Be7 5. c3 0-0 6. Bb3 d5 7. Qe2 Bg4 8. Nbd2 h6 9. h3 Bh5 10. Nf1 dxe4 11. dxe4 Bc5 12. g4 Bg6 13. Ng3 Nd7 14. Nf5 Bxf5 15. gxf5 Kh7 16. h4 Qe7 17. Rg1 Rh8 18. Bg5 Nf6 19. Bxf6 gxf6 20. Nh2 Rag8 21. 0-0-0 Rxg1 22. Rxg1 Qf8 23. Qh5 Rg8 24. Rxg8 Qxg8 25. Ng4 Qg7 26. Bxf7 Bf8 27. Bg6+ Kg8 28. Ne3 Ne7 29. Kc2 c6 30. Qg4 Nc8 31. f4 Bd6 32. Nc4 exf4 33. Nxd6 Nxd6 34. Qxf4 Qe7 35. Kd3 b5 36. Bh5 Nc4 37. Kc2 Ne5 38. Qxh6 Qd8 39. Be2 Qa5 40. Qxf6 Qa4+ 41. Kd2 Qxe4 42. Qg5+ Kh7 43. Qe3 Qd5+ 44. Kc2 c5 45. b3 a5 46. h5 a4 47. f6 axb3+ 48. axb3 c4 49. bxc4 bxc4 50. Qa7+ Nf7 51. Qd4 Qf5+ 52. Kb2 Qb5+ 53. Kc1 Qg5+ 54. Kd1 Ne5 55. Qa7+ Kh6 56. Qg7+ Qxg7 57. fxg7 Kxg7 58. Kd2 Kh6 59. Ke3 Nd7 60. Kd4 Nb6 61. Bd1 Kg5 62. Kc5 Nc8 63. Kxc4 Nd6+ 64. Kd5 Nf5 65. Be2 Kf4 66. Bd3 Ne3+ 67. Kd4 Ng4 68. c4 Kg5 69. c5 Nf6 70. Be2 Kf5 71. c6 Ke6 72. Kc5 Ne4+ 73. Kb6 Nd6 74. h6 Kf6 75. h7 Kg7 76. Bd3 Nc8+ 77. Kc5 Ne7 78. c7 Kh8 79. Bf5 Kg7 80. Kd6 Nxf5+ 81. Kd7 1-0

[Event "HUN-chT2 Breyer 1516"]
[Site "Hungary"]
[Date "2015.11.29"]
[Round "5.10"]
[White "Egeto, Janos Lehel"]
[Black "Czegledi, Laszlo"]
[Result "1-0"]
[WhiteElo "1940"]
[BlackElo "1847"]
[PlyCount "77"]
[EventDate "2015.09.13"]
[EventType "team-tourn"]
[EventRounds "11"]
[EventCountry "HUN"]
[SourceTitle "CBM 170 Extra"]
[Source "ChessBase"]
[SourceDate "2016.02.25"]
[SourceVersion "1"]
[SourceVersionDate "2016.02.25"]
[SourceQuality "1"]
[WhiteTeam "Kobanya Aquarena"]
[BlackTeam "TTC Sakk"]
[WhiteTeamCountry "HUN"]
[BlackTeamCountry "HUN"]

1. d4 d5 2. c4 Nc6 3. Nf3 Nf6 4. Bf4 e6 5. e3 Bd6 6. Bxd6 Qxd6 7. Nc3 0-0 8. Rc1 b6 9. Nb5 Qd7 10. Qc2 Nb4 11. Qb3 a5 12. Ne5 Qe7 13. a3 Na6 14. Nc3 Bb7 15. c5 Nb8 16. cxb6 c5 17. dxc5 Qxc5 18. Be2 d4 19. exd4 Qxd4 20. Nf3 Qf4 21. 0-0 Ng4 22. Qa4 Qf5 23. h3 Ne5 24. Nxe5 Qxe5 25. Rfe1 Qg5 26. Ne4 Qf4 27. Nc5 Qxa4 28. Nxa4 Nd7 29. Rc7 Nxb6 30. Nxb6 Ra7 31. Bf3 Rb8 32. Nd7 Bxf3 33. Rxa7 Ra8 34. Rxa8+ Bxa8 35. b4 axb4 36. axb4 h6 37. b5 Bd5 38. b6 f5 39. Nc5 1-0

[Event "HUN-chT2 Toth 1516"]
[Site "Hungary"]
[Date "2015.11.29"]
[Round "5.2"]
[White "Szilassi, Abel"]
[Black "Czegledi, Laszlo"]
[Result "0-1"]
[WhiteElo "2026"]
[BlackElo "2175"]
[PlyCount "50"]
[EventDate "2015.09.13"]
[EventType "team-tourn"]
[EventRounds "11"]
[EventCountry "HUN"]
[SourceTitle "CBM 170 Extra"]
[Source "ChessBase"]
[SourceDate "2016.02.25"]
[SourceVersion "1"]
[SourceVersionDate "2016.02.25"]
[SourceQuality "1"]
[WhiteTeam "Maroczy II"]
[BlackTeam "Ujszasz"]
[WhiteTeamCountry "HUN"]
[BlackTeamCountry "HUN"]

1. e4 c5 2. Nf3 d6 3. d4 cxd4 4. Nxd4 Nf6 5. Nc3 a6 6. Bc4 e6 7. Bb3 Nbd7 8. 0-0 Nc5 9. Qf3 Be7 10. Qg3 0-0 11. Bh6 Ne8 12. Rad1 Kh8 13. Be3 Qc7 14. f4 b5 15. Nf3 b4 16. Na4 Nxe4 17. Qe1 d5 18. Rxd5 exd5 19. Bxd5 Bb7 20. Bb6 Bc5+ 21. Nxc5 Qxb6 22. Bxb7 Nxc5 23. Qe3 Qxb7 24. Qxc5 Qa7 25. Qxa7 Rxa7 0-1

[Event "HUN-chT2 Toth 1415"]
[Site "Hungary"]
[Date "2015.03.01"]
[Round "9.4"]
[White "Czegledi, Laszlo"]
[Black "Lovas, Daniel"]
[Result "1-0"]
[WhiteElo "2141"]
[BlackElo "2128"]
[PlyCount "93"]
[EventDate "2014.09.07"]
[EventType "team-tourn"]
[EventRounds "11"]
[EventCountry "HUN"]
[SourceTitle "EXT 2016"]
[Source "ChessBase"]
[SourceDate "2015.10.08"]
[SourceVersion "1"]
[SourceVersionDate "2015.10.08"]
[SourceQuality "1"]
[WhiteTeam "Ujszasz"]
[BlackTeam "Toth Laszlo"]
[WhiteTeamCountry "HUN"]
[BlackTeamCountry "HUN"]

1. e4 g6 2. d4 Bg7 3. Nc3 d6 4. f4 c6 5. Nf3 b5 6. Bd3 a6 7. 0-0 Nd7 8. e5 Nb6 9. Ne2 Nh6 10. c3 0-0 11. Ng3 Be6 12. Ng5 Bc4 13. Bxc4 bxc4 14. Qe2 e6 15. N5e4 d5 16. Nf2 Nd7 17. b3 Qa5 18. Bd2 cxb3 19. axb3 Qb5 20. Rfb1 Rfb8 21. h3 c5 22. c4 dxc4 23. bxc4 Qc6 24. Rxb8+ Rxb8 25. d5 exd5 26. cxd5 Qb5 27. Rxa6 c4 28. Rc6 Nb6 29. Be3 Nxd5 30. Rxc4 Bf8 31. Rc2 Qxe2 32. Rxe2 Rb3 33. Nf1 Nf5 34. Bc1 Rc3 35. Re1 Bc5 36. Bd2 Rb3 37. Rc1 Bb6 38. g4 Nd4 39. Kg2 Nf3 40. Rc8+ Kg7 41. f5 gxf5 42. gxf5 Nh4+ 43. Kg1 Nxf5 44. Bc1 Nh4 45. Rc6 Nf3+ 46. Kg2 Nxe5 47. Bh6+ 1-0

[Event "HUN-chT2 Toth 1415"]
[Site "Hungary"]
[Date "2014.11.30"]
[Round "5.4"]
[White "Czegledi, Laszlo"]
[Black "Kerekes, Attila"]
[Result "1-0"]
[WhiteElo "2141"]
[BlackElo "2115"]
[PlyCount "133"]
[EventDate "2014.09.07"]
[EventType "team-tourn"]
[EventRounds "11"]
[EventCountry "HUN"]
[SourceTitle "EXT 2016"]
[Source "ChessBase"]
[SourceDate "2015.10.08"]
[SourceVersion "1"]
[SourceVersionDate "2015.10.08"]
[SourceQuality "1"]
[WhiteTeam "Ujszasz"]
[BlackTeam "Bekes"]
[WhiteTeamCountry "HUN"]
[BlackTeamCountry "HUN"]

1. e4 c5 2. Nf3 Nc6 3. d4 cxd4 4. Nxd4 Nf6 5. Nc3 e5 6. Ndb5 d6 7. Bg5 a6 8. Na3 b5 9. Nd5 Be7 10. Bxf6 Bxf6 11. c4 b4 12. Nc2 a5 13. g3 0-0 14. Bg2 Bg5 15. Nce3 g6 16. 0-0 Bh6 17. f4 Bb7 18. Ng4 Bg7 19. f5 f6 20. h4 Nd4 21. Nge3 Rc8 22. b3 Bxd5 23. exd5 Qb6 24. Kh2 Nxf5 25. Nxf5 gxf5 26. Rxf5 Qe3 27. Qf1 Rfe8 28. Re1 Qd4 29. Be4 Re7 30. Qf3 Bh6 31. Re2 Rf8 32. Qh5 Be3 33. Qf3 Bc1 34. Qh5 Be3 35. Qf3 Bc1 36. Rh5 Qd1 37. Bf5 Rg7 38. Qf2 Kh8 39. Be6 e4 40. Rxe4 Qxh5 41. g4 Qh6 42. c5 Qd2 43. Qxd2 Bxd2 44. cxd6 Rd8 45. Rc4 Ra7 46. d7 Raxd7 47. Bxd7 Rxd7 48. Rc5 Bf4+ 49. Kg2 Bc7 50. Kf3 Kg7 51. h5 Kh6 52. Rb5 Rd6 53. Rb7 Bd8 54. Ke4 Kg5 55. Rg7+ Kh4 56. h6 Kg3 57. Rxh7 Kxg4 58. Rg7+ Kh5 59. h7 f5+ 60. Kxf5 Rf6+ 61. Ke4 Rh6 62. Rg8 Bf6 63. Kf5 Bc3 64. Rg5+ Kh4 65. Rg1 Rf6+ 66. Ke4 Rf8 67. Rg8 1-0

[Event "HUN-chT2 Toth 1415"]
[Site "Hungary"]
[Date "2014.10.12"]
[Round "3.4"]
[White "Egyed, Zsolt"]
[Black "Czegledi, Laszlo"]
[Result "0-1"]
[WhiteElo "2127"]
[BlackElo "2141"]
[PlyCount "124"]
[EventDate "2014.09.07"]
[EventType "team-tourn"]
[EventRounds "11"]
[EventCountry "HUN"]
[SourceTitle "EXT 2016"]
[Source "ChessBase"]
[SourceDate "2015.10.08"]
[SourceVersion "1"]
[SourceVersionDate "2015.10.08"]
[SourceQuality "1"]
[WhiteTeam "Karcag"]
[BlackTeam "Ujszasz"]
[WhiteTeamCountry "HUN"]
[BlackTeamCountry "HUN"]

1. e4 c5 2. Nf3 d6 3. d4 cxd4 4. Nxd4 Nf6 5. Nc3 a6 6. Qf3 Qc7 7. Bg5 Nbd7 8. 0-0-0 e6 9. Bxf6 Nxf6 10. g4 b5 11. Bd3 Bb7 12. Rhe1 Be7 13. h4 Rc8 14. Kb1 Nd7 15. Qg3 Nc5 16. Rd2 b4 17. Nd1 Bf6 18. Nb3 a5 19. Bb5+ Kf8 20. Qxd6+ Qxd6 21. Rxd6 Bxh4 22. Rb6 Bd8 23. Nxc5 Bxb6 24. Nd7+ Ke7 25. Nxb6 Rb8 26. Bd3 Bxe4 27. Rxe4 Rxb6 28. Ne3 Rd8 29. b3 f6 30. Rc4 Rd7 31. Rc5 Ra7 32. Bxh7 a4 33. Bd3 Kd6 34. Rh5 Rb8 35. Nc4+ Ke7 36. Rh7 Kf7 37. f4 Rd8 38. Rh3 Rd4 39. Rf3 a3 40. Kc1 Ra8 41. g5 Rh8 42. Rf1 Rh4 43. g6+ Ke7 44. Na5 Rdxf4 45. Rd1 f5 46. Re1 Kf6 47. Nc6 Rh2 48. Bc4 Kxg6 49. Nxb4 Re4 50. Nd3 Kf6 51. Kd1 g5 52. Rxe4 fxe4 53. Ne1 Ke5 54. Bf1 Kd4 55. b4 Kc3 56. b5 Rd2+ 57. Kc1 e3 58. Nd3 Rxc2+ 59. Kd1 Rxa2 60. b6 Ra1+ 61. Ke2 a2 62. b7 Rb1 0-1